Fourier analysis on groups
-д хадгалсан:
| Үндсэн зохиолч: | |
|---|---|
| Формат: | Ном |
| Хэл сонгох: | англи |
| Хэвлэсэн: |
Nueva York
Wiley Interscience
1990
|
| Цуврал: | Serie Wiley Classics Library
|
| Нөхцлүүд: | |
| Шошгууд: |
Шошго нэмэх
Шошго байхгүй, Энэхүү баримтыг шошголох эхний хүн болох!
|
MARC
| LEADER | 00000nam a2200000 a 4500 | ||
|---|---|---|---|
| 001 | UCQ3348 | ||
| 003 | CL-VaPUC | ||
| 008 | 980821e19900000US |||||||||||||||||eng|d | ||
| 082 | 0 | 4 | |a 515.243 |b RUD |2 21 |
| 100 | 0 | |a Rudin, Walter |e author |9 417398 | |
| 245 | 1 | 0 | |a Fourier analysis on groups |
| 300 | |a 285 p | ||
| 942 | |c BK | ||
| 945 | |d 19980821 00:00:00 |a aarredon | ||
| 260 | |a Nueva York |b Wiley Interscience |c 1990 | ||
| 650 | 0 | |a Matemática |9 260235 | |
| 650 | 0 | |a Análisis |9 259550 | |
| 650 | 0 | |a Funciones |9 263869 | |
| 650 | 0 | |a Series de Fourier |9 260465 | |
| 583 | |a last modification |c 19980821 00:00:00 |k Rodrigo Vera | ||
| 490 | 0 | |a Serie Wiley Classics Library | |
| 999 | |c 273936 |d 273934 | ||
| 952 | |0 0 |1 0 |4 0 |6 515_243000000000000_RUD_1990 |7 0 |8 A |9 309925 |a BIBMAT |b BIBMAT |d 2019-11-20 |i 3452808 |l 2 |m 1 |o 515.243 RUD 1990 |p 3452808 |r 2025-01-07 |s 2022-09-21 |w 2019-11-20 |y BK |k MAT | ||